|
|
|
|
| LEADER |
00000naa2a2200000 4500 |
| 001 |
154242 |
| 005 |
20231031151815.0 |
| 035 |
|
|
|a (RuTPU)RU\TPU\book\167303
|
| 090 |
|
|
|a 154242
|
| 100 |
|
|
|a 20090224d2008 k y0rusy50 ca
|
| 101 |
0 |
|
|a rus
|
| 102 |
|
|
|a RU
|
| 200 |
1 |
|
|a Мониторинг работы промышленной установки получения моноолефинов с применением технологической моделирующей системы
|f Р. В. Романовский
|g науч. рук. Е. Н. Ивашкина
|
| 320 |
|
|
|a Библиогр.: 1 назв.
|
| 463 |
|
0 |
|0 (RuTPU)RU\TPU\book\161548
|t Перспективы развития фундаментальных наук
|o труды V Международной конференции студентов и молодых ученых, 20-23 мая 2008 г., Томск
|f Томский политехнический университет (ТПУ)
|v С. 192-194
|d 2008
|p 334 с.
|
| 610 |
1 |
|
|a промышленные установки
|
| 610 |
1 |
|
|a моноолефины
|
| 610 |
1 |
|
|a моделирующие системы
|
| 610 |
1 |
|
|a мониторинг
|
| 610 |
1 |
|
|a компьютерные системы
|
| 610 |
1 |
|
|a высшие н-моноолефины
|
| 610 |
1 |
|
|a олефины
|
| 610 |
1 |
|
|a алкилбензолсульфонатов
|
| 610 |
1 |
|
|a поверхностно-активные вещества
|
| 610 |
1 |
|
|a кинетические уравнения
|
| 610 |
1 |
|
|a труды учёных ТПУ
|
| 700 |
|
1 |
|a Романовский
|b Р. В.
|
| 702 |
|
1 |
|a Ивашкина
|b Е. Н.
|4 727
|
| 801 |
|
1 |
|a RU
|b 63413507
|c 20090224
|g PSBO
|
| 801 |
|
2 |
|a RU
|b 63413507
|c 20091211
|g RCR
|
| 942 |
|
|
|c BK
|